[Event "CZE-chT2D 1516"]
[Site "Czech Republic"]
[Date "2016.01.10"]
[Round "5.5"]
[White "Krys, Jaromir"]
[Black "Jezek, Adam"]
[Result "0-1"]
[WhiteElo "2038"]
[BlackElo "2016"]
[PlyCount "86"]
[EventDate "2015.10.18"]
[EventType "team-tourn"]
[EventRounds "11"]
[EventCountry "CZE"]
[SourceTitle "EXT 2022"]
[Source "ChessBase"]
[SourceDate "2021.10.06"]
[SourceVersion "1"]
[SourceVersionDate "2021.10.06"]
[SourceQuality "1"]
[WhiteTeam "Chrudim"]
[BlackTeam "Rychnov nad Kneznou"]
[WhiteTeamCountry "CZE"]
[BlackTeamCountry "CZE"]

1. e4 e6 2. d4 d5 3. exd5 exd5 4. Bd3 Bd6 5. Ne2 Ne7 6. 0-0 Nbc6 7. c3 Bg4 8. f3 Bh5 9. Bf4 f6 10. Qb3 Bg6 11. Bxg6+ hxg6 12. Qc2 g5 13. Bg3 Qd7 14. b4 Rh6 15. Nd2 Nf5 16. Bxd6 Ne3 17. Qa4 Nxf1 18. Nxf1 Qxd6 19. Neg3 Qd7 20. Re1+ Kf7 21. Qb5 b6 22. Ne3 Rd8 23. c4 Nxd4 24. Qxd5+ Qxd5 25. Nxd5 Rd7 26. h3 Rh8 27. Re4 c6 28. Rxd4 cxd5 29. Nf5 Rhd8 30. c5 bxc5 31. bxc5 Ke6 32. Nd6 Rc7 33. Rd1 Rb8 34. Rc1 d4 35. Rc2 Kd5 36. Ne4 Re8 37. Kf2 f5 38. Nxg5 Rxc5 39. Rb2 d3 40. Rb7 Kc6 41. Rb1 Rc2+ 42. Kg3 d2 43. f4 Re1 0-1

[Event "CZE-chT2D 1314"]
[Site "Czech Republic"]
[Date "2014.03.23"]
[Round "10.8"]
[White "Jezek, Adam"]
[Black "Kosek, Marek"]
[Result "1/2-1/2"]
[WhiteElo "1919"]
[BlackElo "2007"]
[PlyCount "37"]
[EventDate "2013.11.03"]
[EventType "team-tourn"]
[EventRounds "11"]
[EventCountry "CZE"]
[SourceTitle "EXT 2016"]
[Source "ChessBase"]
[SourceDate "2015.10.08"]
[SourceVersion "1"]
[SourceVersionDate "2015.10.08"]
[SourceQuality "1"]
[WhiteTeam "Rychnov nad Kneznou"]
[BlackTeam "Vysoke Myto"]
[WhiteTeamCountry "CZE"]
[BlackTeamCountry "CZE"]

1. b3 d5 2. Bb2 Nf6 3. e3 c5 4. f4 g6 5. Nf3 Bg7 6. Bb5+ Bd7 7. Bxd7+ Nbxd7 8. 0-0 0-0 9. d3 b5 10. Nbd2 Qc7 11. c4 a6 12. Qe2 Rad8 13. Rac1 Qb7 14. Rfd1 e6 15. Ba1 Rfe8 16. Ne5 Nxe5 17. Bxe5 Nd7 18. Bxg7 Kxg7 19. e4 1/2-1/2

[Event "CZE-chT2D 1314"]
[Site "Czech Republic"]
[Date "2013.11.03"]
[Round "1.8"]
[White "Jezek, Adam"]
[Black "Houska, Bronislav"]
[Result "1-0"]
[WhiteElo "1919"]
[BlackElo "2036"]
[PlyCount "121"]
[EventDate "2013.11.03"]
[EventType "team-tourn"]
[EventRounds "11"]
[EventCountry "CZE"]
[SourceTitle "EXT 2016"]
[Source "ChessBase"]
[SourceDate "2015.10.08"]
[SourceVersion "1"]
[SourceVersionDate "2015.10.08"]
[SourceQuality "1"]
[WhiteTeam "Rychnov nad Kneznou"]
[BlackTeam "Policka"]
[WhiteTeamCountry "CZE"]
[BlackTeamCountry "CZE"]

1. b3 d6 2. Bb2 f5 3. d4 Nf6 4. Nf3 g6 5. e3 Bg7 6. d5 e5 7. dxe6 Bxe6 8. Ng5 Bg8 9. c4 Qe7 10. Nf3 f4 11. Qe2 fxe3 12. Qxe3 Qxe3+ 13. fxe3 Nbd7 14. Bd3 0-0-0 15. Nbd2 Re8 16. e4 h6 17. 0-0-0 Bh7 18. Rde1 g5 19. h3 Rhg8 20. b4 Nh5 21. Bb1 Ng3 22. Rhg1 Bxb2+ 23. Kxb2 Re7 24. Re3 Rge8 25. Nxg5 Nf5 26. exf5 Rxe3 27. Nxh7 Re2 28. Kc1 Re1+ 29. Rxe1 Rxe1+ 30. Kb2 Re2 31. Kc3 Rxg2 32. f6 Kd8 33. h4 Rg3+ 34. Kd4 Rg4+ 35. Ke3 Rxh4 36. Bf5 Ne5 37. Be6 Ke8 38. Nf3 Rh5 39. f7+ Nxf7 40. Nf6+ Ke7 41. Nxh5 Kxe6 42. Nd4+ Kd7 43. Nf6+ Kc8 44. Nf5 a6 45. Ng4 h5 46. Nf6 b5 47. c5 dxc5 48. bxc5 Nd8 49. Nxh5 Kb7 50. Nd4 c6 51. Nf6 a5 52. Ne4 Ka6 53. Kf4 b4 54. Ke5 Nb7 55. Nxc6 Nxc5 56. Nxc5+ Kb5 57. Kd5 a4 58. Nd4+ Ka5 59. Kc4 b3 60. Ndxb3+ axb3 61. axb3 1-0

[Event "CZE-chT U20 final-B 1011"]
[Site "Czech Republic"]
[Date "2011.04.17"]
[Round "11.1"]
[White "Dobes, Vojtech"]
[Black "Jezek, Adam"]
[Result "1/2-1/2"]
[WhiteElo "1892"]
[BlackElo "1878"]
[PlyCount "106"]
[EventDate "2010.10.02"]
[EventType "team-tourn"]
[EventRounds "11"]
[EventCountry "CZE"]
[SourceTitle "EXT 2012"]
[Source "ChessBase"]
[SourceDate "2011.11.24"]
[SourceVersion "1"]
[SourceVersionDate "2011.11.24"]
[SourceQuality "1"]
[WhiteTeam "Stare Mesto (U20)"]
[BlackTeam "Rychnov nad Kneznou (U20)"]
[WhiteTeamCountry "CZE"]
[BlackTeamCountry "CZE"]

1. e4 e6 2. d4 d5 3. Nd2 dxe4 4. Nxe4 Bd7 5. Nf3 Bc6 6. Bd3 Nd7 7. 0-0 Ngf6 8. Bg5 Be7 9. Nxf6+ Nxf6 10. c3 Bxf3 11. Qxf3 Qd5 12. Qxd5 Nxd5 13. Bd2 c6 14. a3 0-0 15. Rfd1 Rfd8 16. c4 Nb6 17. Be3 Bf6 18. Be2 Rd7 19. Rd2 Rad8 20. Rad1 Kf8 21. f3 h6 22. Kf2 Nc8 23. b4 b6 24. a4 Ne7 25. g4 e5 26. dxe5 Rxd2 27. Rxd2 Rxd2 28. Bxd2 Bxe5 29. f4 Bd6 30. Bf3 Ke8 31. Ke3 Kd7 32. Be4 g5 33. fxg5 hxg5 34. Kd4 f6 35. h3 Be5+ 36. Kd3 c5 37. b5 Ke6 38. a5 Bc7 39. a6 Be5 40. Ke2 Bb8 41. Kf3 Bc7 42. Bh7 Be5 43. Ke4 Bg3 44. Bc3 Bh2 45. Bf5+ Kf7 46. Be1 Bc7 47. h4 gxh4 48. Bxh4 Bb8 49. g5 fxg5 50. Bxg5 Nxf5 51. Kxf5 Bc7 52. Bf6 Bh2 53. Bd8 Bb8 1/2-1/2

[Event "CZE-chT U20 final-B 1011"]
[Site "Czech Republic"]
[Date "2011.04.16"]
[Round "10.1"]
[White "Jezek, Adam"]
[Black "Polok, Kacper"]
[Result "0-1"]
[WhiteElo "1878"]
[BlackElo "2089"]
[PlyCount "59"]
[EventDate "2010.10.02"]
[EventType "team-tourn"]
[EventRounds "11"]
[EventCountry "CZE"]
[SourceTitle "EXT 2012"]
[Source "ChessBase"]
[SourceDate "2011.11.24"]
[SourceVersion "1"]
[SourceVersionDate "2011.11.24"]
[SourceQuality "1"]
[WhiteTeam "Rychnov nad Kneznou (U20)"]
[BlackTeam "Orlova (U20)"]
[WhiteTeamCountry "CZE"]
[BlackTeamCountry "CZE"]

1. b3 e5 2. Bb2 d6 3. e3 Nc6 4. d4 Nf6 5. dxe5 Nxe5 6. Nd2 Be6 7. Ngf3 Ng6 8. c4 Be7 9. Qc2 0-0 10. Bd3 Nd7 11. Nd4 Nde5 12. 0-0 Nxd3 13. Qxd3 Bd7 14. N2f3 Bf6 15. Qc2 c5 16. Ne2 Bc6 17. Ne1 Re8 18. Rd1 Re6 19. Nd3 Bxb2 20. Qxb2 Nh4 21. Ndf4 Bxg2 22. Nxe6 fxe6 23. Ng3 Bh3 24. f4 Bxf1 25. Kxf1 Qe7 26. Qe2 Rd8 27. Ne4 d5 28. Nc3 d4 29. exd4 cxd4 30. Nb5 0-1

[Event "CZE-chTW U20 1011"]
[Site "Czech Republic"]
[Date "2011.01.17"]
[Round "7.1"]
[White "Jezek, Adam"]
[Black "Braun, Marek"]
[Result "0-1"]
[WhiteElo "1878"]
[BlackElo "2153"]
[PlyCount "90"]
[EventDate "2010.10.02"]
[EventType "team-tourn"]
[EventRounds "11"]
[EventCountry "CZE"]
[SourceTitle "EXT 2012"]
[Source "ChessBase"]
[SourceDate "2011.11.24"]
[SourceVersion "1"]
[SourceVersionDate "2011.11.24"]
[SourceQuality "1"]
[WhiteTeam "Rychnov nad Kneznou (U20)"]
[BlackTeam "Liberec (U20)"]
[WhiteTeamCountry "CZE"]
[BlackTeamCountry "CZE"]

1. b3 e5 2. Bb2 Nc6 3. e3 d5 4. Bb5 Bd6 5. f4 Qh4+ 6. g3 Qe7 7. Nf3 Bg4 8. fxe5 Bxe5 9. Bxe5 Bxf3 10. Qxf3 Qxe5 11. Nc3 Nf6 12. Bxc6+ bxc6 13. 0-0 0-0 14. Qf4 Rfe8 15. Qxe5 Rxe5 16. Rf4 c5 17. Ra4 a5 18. a3 Kf8 19. Rf1 Nd7 20. Raf4 f6 21. Rf5 c6 22. Rxe5 Nxe5 23. Na4 c4 24. Nc5 Ke7 25. d4 cxd3 26. Nxd3 Nxd3 27. cxd3 Rb8 28. Rb1 c5 29. Kf2 a4 30. b4 cxb4 31. axb4 Kd6 32. Ke2 Kc6 33. Kd2 Kb5 34. Kc3 Rc8+ 35. Kd4 Rc2 36. Kxd5 a3 37. Ke6 a2 38. Ra1 Kxb4 39. d4 Kb3 40. e4 Rxh2 41. d5 Kb2 42. Rg1 a1Q 43. Rxa1 Kxa1 44. d6 Rd2 45. g4 Rd4 0-1

[Event "CZE-chTW U20 1011"]
[Site "Czech Republic"]
[Date "2010.11.27"]
[Round "5.1"]
[White "Jezek, Adam"]
[Black "Cizinsky, Petr"]
[Result "0-1"]
[WhiteElo "1878"]
[BlackElo "2148"]
[PlyCount "66"]
[EventDate "2010.10.02"]
[EventType "team-tourn"]
[EventRounds "11"]
[EventCountry "CZE"]
[SourceTitle "EXT 2012"]
[Source "ChessBase"]
[SourceDate "2011.11.24"]
[SourceVersion "1"]
[SourceVersionDate "2011.11.24"]
[SourceQuality "1"]
[WhiteTeam "Rychnov nad Kneznou (U20)"]
[BlackTeam "Polabiny (U20)"]
[WhiteTeamCountry "CZE"]
[BlackTeamCountry "CZE"]

1. b3 e6 2. Bb2 b6 3. e3 Bb7 4. Nf3 Nf6 5. d4 Be7 6. Nbd2 0-0 7. Bd3 c5 8. 0-0 Nc6 9. c4 Nb4 10. Bb1 Rc8 11. a3 Nc6 12. Bd3 cxd4 13. Nxd4 Ne5 14. Be2 d6 15. Rc1 Qc7 16. f4 Ned7 17. b4 Qb8 18. Bf3 d5 19. Qe2 dxc4 20. Nxc4 Ne4 21. Nd2 Ndf6 22. Nxe4 Nxe4 23. Bxe4 Bxe4 24. Nxe6 Rxc1 25. Rxc1 fxe6 26. Qg4 Rf7 27. Be5 Qd8 28. Qxe6 Qd2 29. Rc8+ Bd8 30. Qe8+ Rf8 31. Qe6+ Kh8 32. Bxg7+ Kxg7 33. Qe5+ Bf6 0-1

[Event "CZE-chT U20 final-B 0910"]
[Site "Pavla Vlachovice"]
[Date "2010.04.24"]
[Round "9.2"]
[White "Jezek, Adam"]
[Black "Palkova, Nikola"]
[Result "1-0"]
[WhiteElo "1830"]
[BlackElo "1669"]
[PlyCount "89"]
[EventDate "2010.04.23"]
[EventType "team-tourn"]
[EventRounds "11"]
[EventCountry "CZE"]
[SourceTitle "EXT 2011"]
[Source "ChessBase"]
[SourceDate "2010.11.26"]
[SourceVersion "1"]
[SourceVersionDate "2010.11.26"]
[SourceQuality "1"]
[WhiteTeam "Rychnov nad Kneznou (U20)"]
[BlackTeam "Plzen (U20)"]
[WhiteTeamCountry "CZE"]
[BlackTeamCountry "CZE"]

1. b3 d5 2. Bb2 Nf6 3. e3 Bf5 4. f4 e6 5. Nf3 h6 6. d4 c5 7. Bd3 Bxd3 8. cxd3 Nc6 9. Nbd2 Be7 10. 0-0 0-0 11. Ne5 Rc8 12. Ndf3 Qb6 13. Kh1 cxd4 14. exd4 Rfd8 15. Qe2 Ne8 16. g4 Nd6 17. h4 Nb5 18. Qf2 Qc7 19. Rac1 Rf8 20. h5 Qd8 21. Rg1 Nxe5 22. dxe5 Rxc1 23. Rxc1 a6 24. a4 Nc7 25. Qb6 Na8 26. Qxb7 Re8 27. Bd4 Qb8 28. Qxb8 Rxb8 29. Rb1 Bb4 30. Kg2 Kf8 31. f5 Ba5 32. b4 Bd8 33. Bc5+ Be7 34. Bxe7+ Kxe7 35. Nd4 Kd7 36. fxe6+ fxe6 37. b5 axb5 38. Rxb5 Rc8 39. Rb7+ Rc7 40. Rb8 Rc8 41. Rxc8 Kxc8 42. Nxe6 Nb6 43. a5 Nd7 44. d4 Nb8 45. Nxg7 1-0

[Event "CZE-chT U20 final-B 0910"]
[Site "Pavla Vlachovice"]
[Date "2010.04.23"]
[Round "8.2"]
[White "Ta, Van Duy"]
[Black "Jezek, Adam"]
[Result "0-1"]
[WhiteElo "1704"]
[BlackElo "1830"]
[PlyCount "98"]
[EventDate "2010.04.23"]
[EventType "team-tourn"]
[EventRounds "11"]
[EventCountry "CZE"]
[SourceTitle "EXT 2011"]
[Source "ChessBase"]
[SourceDate "2010.11.26"]
[SourceVersion "1"]
[SourceVersionDate "2010.11.26"]
[SourceQuality "1"]
[WhiteTeam "Most (U20)"]
[BlackTeam "Rychnov nad Kneznou (U20)"]
[WhiteTeamCountry "CZE"]
[BlackTeamCountry "CZE"]

1. e4 e6 2. d4 d5 3. Nd2 c5 4. exd5 exd5 5. Bb5+ Nc6 6. Ngf3 Qb6 7. Qe2+ Nge7 8. dxc5 Qxc5 9. Nb3 Qd6 10. 0-0 Bg4 11. Re1 0-0-0 12. Be3 h5 13. Bc5 Qf6 14. Bxe7 Nxe7 15. Qe5 Rh6 16. Qxf6 Rxf6 17. Ne5 Nc6 18. Nxg4 hxg4 19. Rad1 Rfd6 20. Rd3 a6 21. Bxc6 bxc6 22. f3 gxf3 23. Rxf3 f6 24. Nc5 d4 25. Rb3 Rd5 26. Nb7 Bc5 27. Nxc5 Rxc5 28. Re7 Rd7 29. Re2 Ra5 30. a3 Rb5 31. Rxb5 axb5 32. Kf2 c5 33. Re6 Kc7 34. Ke2 c4 35. Re4 Kc6 36. Kd2 Kd5 37. Re8 Rc7 38. c3 d3 39. Ke3 Kd6 40. Kf3 Re7 41. Rb8 Kc6 42. Rc8+ Kb7 43. Rc5 Kb6 44. Rd5 Kc6 45. Rd4 Re2 46. b3 cxb3 47. Rxd3 b2 48. Rd1 Rc2 49. Rb1 Rxc3+ 0-1

[Event "CZE-ch U16"]
[Site "Kouty nad Desnou"]
[Date "2010.03.08"]
[Round "3"]
[White "Jezek, Adam"]
[Black "Cizinsky, Petr"]
[Result "0-1"]
[WhiteElo "1830"]
[BlackElo "2081"]
[PlyCount "40"]
[EventDate "2010.03.06"]
[EventType "swiss"]
[EventRounds "9"]
[EventCountry "CZE"]
[SourceTitle "EXT 2012"]
[Source "ChessBase"]
[SourceDate "2011.11.24"]
[SourceVersion "1"]
[SourceVersionDate "2011.11.24"]
[SourceQuality "1"]

1. d4 c5 2. d5 Nf6 3. c4 b5 4. b3 g6 5. Bb2 Bg7 6. Nd2 bxc4 7. bxc4 0-0 8. e4 Qa5 9. Qc2 d6 10. Bd3 Nbd7 11. Bc3 Qa3 12. Bb2 Qa6 13. h3 Rb8 14. Bc3 Ne5 15. f4 Nxd3+ 16. Qxd3 Qa3 17. Qc2 Nxd5 18. cxd5 Bxc3 19. Rc1 Bb2 20. Rb1 Qg3+ 0-1

[Event "CZE Czechia-ch U16"]
[Site "Harrachov"]
[Date "2009.10.30"]
[Round "8"]
[White "Haman, Jakub"]
[Black "Jezek, Adam"]
[Result "1-0"]
[WhiteElo "1946"]
[BlackElo "1830"]
[PlyCount "51"]
[EventDate "2009.10.24"]
[EventType "swiss"]
[EventRounds "9"]
[EventCountry "CZE"]
[SourceTitle "EXT 2012"]
[Source "ChessBase"]
[SourceDate "2011.11.24"]
[SourceVersion "1"]
[SourceVersionDate "2011.11.24"]
[SourceQuality "1"]

1. d4 d5 2. f3 f5 3. Nc3 Nf6 4. Bg5 Nbd7 5. Qd3 g6 6. 0-0-0 Bg7 7. e4 h6 8. Bh4 g5 9. Be1 fxe4 10. fxe4 dxe4 11. Nxe4 0-0 12. Ng3 Nb6 13. Nf3 Bg4 14. h4 e5 15. hxg5 hxg5 16. Qb3+ Qd5 17. c4 Qe6 18. d5 Qd7 19. Nxe5 Qa4 20. Nxg4 Nxg4 21. Bd3 Qxb3 22. axb3 Ne5 23. Bh7+ Kf7 24. Bc3 Bh8 25. Rdf1+ Ke7 26. Bb4+ 1-0

[Event "CZE Czechia-ch U16"]
[Site "Harrachov"]
[Date "2009.10.28"]
[Round "6"]
[White "Jezek, Adam"]
[Black "Cizinsky, Petr"]
[Result "0-1"]
[WhiteElo "1830"]
[BlackElo "2061"]
[PlyCount "61"]
[EventDate "2009.10.24"]
[EventType "swiss"]
[EventRounds "9"]
[EventCountry "CZE"]
[SourceTitle "EXT 2012"]
[Source "ChessBase"]
[SourceDate "2011.11.24"]
[SourceVersion "1"]
[SourceVersionDate "2011.11.24"]
[SourceQuality "1"]

1. d4 Nf6 2. Nf3 e6 3. Bf4 c5 4. e3 Qb6 5. b3 Nd5 6. Bxb8 Rxb8 7. c4 Qa5+ 8. Nbd2 Nf6 9. Bd3 Be7 10. 0-0 0-0 11. Qc2 h6 12. a3 cxd4 13. b4 Qc7 14. exd4 b6 15. Rac1 Bb7 16. Qa2 Qf4 17. c5 Bd5 18. Bc4 Rfc8 19. Bxd5 Nxd5 20. Rc2 a5 21. Rb1 axb4 22. g3 Qc7 23. Rbc1 Nc3 24. Qc4 bxc5 25. dxc5 Qxc5 26. axb4 Qxc4 27. Nxc4 Rxc4 28. Rxc3 Rxc3 29. Rxc3 Bxb4 30. Rc7 d5 31. Ne5 0-1

[Event "CZE-chTE U20 0910"]
[Site "Czech Republic"]
[Date "2009.10.03"]
[Round "2.2"]
[White "Jezek, Adam"]
[Black "Volcik, Ludek"]
[Result "0-1"]
[WhiteElo "1830"]
[BlackElo "1922"]
[PlyCount "110"]
[EventDate "2009.10.03"]
[EventType "team-tourn"]
[EventRounds "7"]
[EventCountry "CZE"]
[SourceTitle "EXT 2011"]
[Source "ChessBase"]
[SourceDate "2010.11.26"]
[SourceVersion "1"]
[SourceVersionDate "2010.11.26"]
[SourceQuality "1"]
[WhiteTeam "Rychnov nad Kneznou (U20)"]
[BlackTeam "Borsice (U20)"]
[WhiteTeamCountry "CZE"]
[BlackTeamCountry "CZE"]

1. b3 d5 2. Bb2 Bf5 3. e3 e6 4. d4 Nf6 5. Bd3 Bxd3 6. Qxd3 c6 7. Nf3 Bd6 8. Ne5 0-0 9. Nd2 Nbd7 10. f4 Bxe5 11. fxe5 Ng4 12. Nf3 f5 13. h3 Nh6 14. c4 Nf7 15. Rc1 Ng5 16. Qe2 Ne4 17. Rg1 Rf7 18. g3 Nf8 19. Rc2 Ng6 20. a3 Ng5 21. Qg2 Nxf3+ 22. Qxf3 Qb6 23. b4 dxc4 24. Qe2 Ne7 25. Qxc4 Nd5 26. Bc1 a5 27. Rb2 axb4 28. axb4 Ra4 29. Bd2 Rf8 30. Kf2 Rfa8 31. Rgb1 Qd8 32. Qe2 Ra2 33. Qd1 R8a3 34. Qc2 Ra1 35. Rxa1 Rxa1 36. Rb1 Qa8 37. Qc1 Ra2 38. Rb2 Qa3 39. Rxa2 Qxa2 40. Kf3 Qb3 41. Qe1 Qc2 42. Qc1 Qxc1 43. Bxc1 Nxb4 44. e4 fxe4+ 45. Kxe4 Kf7 46. h4 Nd5 47. Kd3 b5 48. Bd2 Kg6 49. g4 h5 50. gxh5+ Kxh5 51. Bg5 g6 52. Bd8 Kg4 53. Bf6 Kf3 54. Bd8 Nf4+ 55. Kc3 Ke4 0-1

[Event "CZE-ch U16"]
[Site "Sec u Chrudimi"]
[Date "2008.10.31"]
[Round "8"]
[White "Jezek, Adam"]
[Black "Petr, Jan1111"]
[Result "1/2-1/2"]
[WhiteElo "1689"]
[BlackElo "1570"]
[PlyCount "74"]
[EventDate "2008.10.25"]
[EventType "swiss"]
[EventRounds "9"]
[EventCountry "CZE"]
[SourceTitle "EXT 2022"]
[Source "ChessBase"]
[SourceDate "2021.10.06"]
[SourceVersion "1"]
[SourceVersionDate "2021.10.06"]
[SourceQuality "1"]

1. b3 d5 2. Bb2 c5 3. e3 Nc6 4. Nf3 Nf6 5. d4 e6 6. Nbd2 Bd6 7. c4 0-0 8. Be2 b6 9. 0-0 Bb7 10. a3 Rc8 11. Rc1 Qe7 12. dxc5 bxc5 13. Qc2 Rfd8 14. Rfd1 d4 15. exd4 Nxd4 16. Nxd4 cxd4 17. b4 Bb8 18. Nf3 e5 19. Qb3 Qc7 20. g3 Qc6 21. c5 d3 22. b5 Qe4 23. Rxd3 Rxd3 24. Bxd3 Qxf3 25. c6 e4 26. cxb7 Rxc1+ 27. Bxc1 Qxd3 28. Qa4 h5 29. Be3 h4 30. gxh4 Ng4 31. Qd4 Bxh2+ 32. Kg2 Nxe3+ 33. Kxh2 Ng4+ 34. Kg2 Qxd4 35. b8Q+ Kh7 36. Qf4 Nf6 37. Qf5+ Kg8 1/2-1/2

[Event "CZE-ch U16"]
[Site "Sec u Chrudimi"]
[Date "2008.10.30"]
[Round "7"]
[White "Chmel, Kristian"]
[Black "Jezek, Adam"]
[Result "1-0"]
[WhiteElo "1918"]
[BlackElo "1689"]
[PlyCount "47"]
[EventDate "2008.10.25"]
[EventType "swiss"]
[EventRounds "9"]
[EventCountry "CZE"]
[SourceTitle "EXT 2022"]
[Source "ChessBase"]
[SourceDate "2021.10.06"]
[SourceVersion "1"]
[SourceVersionDate "2021.10.06"]
[SourceQuality "1"]

1. e4 e6 2. d4 d5 3. Nd2 dxe4 4. Nxe4 Bd7 5. Nf3 Bc6 6. Bd3 Nd7 7. 0-0 Ngf6 8. Ng3 Be7 9. Re1 0-0 10. c4 Re8 11. Ne5 Nxe5 12. dxe5 Nd7 13. Qg4 g6 14. Bf4 Nxe5 15. Bxe5 Qxd3 16. Rad1 Qc2 17. Bc3 Bf8 18. Rc1 Qa4 19. Qd4 e5 20. Rxe5 Rxe5 21. Qxe5 f6 22. Qe6+ Kh8 23. Qxf6+ Kg8 24. Qe6# 1-0

[Event "CZE-ch U14"]
[Site "Sec u Chrudimi"]
[Date "2007.10.27"]
[Round "9"]
[White "Jezek, Adam"]
[Black "Sabolova, Kristyna"]
[Result "1/2-1/2"]
[WhiteElo "1544"]
[BlackElo "1579"]
[PlyCount "94"]
[EventDate "2007.10.20"]
[EventType "swiss"]
[EventRounds "9"]
[EventCountry "CZE"]
[SourceTitle "EXT 2022"]
[Source "ChessBase"]
[SourceDate "2021.10.06"]
[SourceVersion "1"]
[SourceVersionDate "2021.10.06"]
[SourceQuality "1"]

1. b3 d5 2. Bb2 c5 3. e3 Nf6 4. Nf3 e6 5. d4 b6 6. c4 Bb7 7. Nbd2 Be7 8. Bd3 Nbd7 9. Qc2 Rc8 10. Rc1 0-0 11. Qb1 Re8 12. 0-0 Bd6 13. h3 e5 14. cxd5 exd4 15. exd4 Bxd5 16. dxc5 Bxc5 17. Rfe1 Rxe1+ 18. Rxe1 Bb4 19. Rc1 Rxc1+ 20. Bxc1 Qa8 21. Bf1 Nc5 22. a3 Bxd2 23. Nxd2 Nce4 24. Nxe4 Bxe4 25. Qb2 Qc6 26. Bd2 Nd5 27. b4 h6 28. Qc1 Qxc1 29. Bxc1 Kf8 30. Bc4 Nf6 31. f3 Bd5 32. Ba6 Ke7 33. Bf4 Nd7 34. Kf2 g5 35. Bg3 Ke6 36. h4 Ne5 37. hxg5 hxg5 38. Ke1 f5 39. Bf2 g4 40. Bc8+ Kf6 41. Bh4+ Kg6 42. fxg4 Nxg4 43. g3 Ne3 44. Bd8 Nc2+ 45. Kd2 Nxa3 46. Bd7 a5 47. b5 Bc4 1/2-1/2

[Event "CZE-ch U14"]
[Site "Sec u Chrudimi"]
[Date "2007.10.24"]
[Round "6"]
[White "Franc, Ondrej"]
[Black "Jezek, Adam"]
[Result "1-0"]
[WhiteElo "1413"]
[BlackElo "1544"]
[PlyCount "143"]
[EventDate "2007.10.20"]
[EventType "swiss"]
[EventRounds "9"]
[EventCountry "CZE"]
[SourceTitle "EXT 2022"]
[Source "ChessBase"]
[SourceDate "2021.10.06"]
[SourceVersion "1"]
[SourceVersionDate "2021.10.06"]
[SourceQuality "1"]

1. d4 e5 2. e3 exd4 3. exd4 d5 4. Nf3 Bd6 5. b3 Nf6 6. Bb2 0-0 7. Be2 Bf5 8. 0-0 Nbd7 9. Nc3 c6 10. Bd3 Bg6 11. Qd2 Qc7 12. h3 Bf4 13. Qd1 Rfe8 14. Bxg6 fxg6 15. Bc1 Ne4 16. Bxf4 Qxf4 17. Nxe4 Rxe4 18. Re1 Rae8 19. Rxe4 Rxe4 20. c3 Nf6 21. Kf1 h6 22. Qd2 g5 23. Qxf4 Rxf4 24. Nd2 g4 25. hxg4 Nxg4 26. f3 Ne3+ 27. Kf2 Nf5 28. g3 Nxg3 29. Kxg3 g5 30. Re1 Kf7 31. Rh1 Kg6 32. Nf1 h5 33. Ne3 Rf8 34. Re1 Kf6 35. c4 dxc4 36. bxc4 Ke6 37. a3 Kd6 38. c5+ Ke7 39. Rb1 Rf7 40. Nc4 Rf4 41. Rd1 Kd7 42. Nd6 b6 43. Ne4 Rf5 44. Nc3 Kc7 45. cxb6+ axb6 46. d5 h4+ 47. Kg2 b5 48. dxc6 Kxc6 49. Rc1 Kb6 50. Rb1 Ka5 51. Rb4 Re5 52. Ne4 Rf5 53. Rd4 Re5 54. Rd3 Ka6 55. Kh3 Ka5 56. Kg4 Ka4 57. Nxg5 Re1 58. Kxh4 Ra1 59. f4 Rxa3 60. Rxa3+ Kxa3 61. f5 b4 62. f6 b3 63. f7 b2 64. f8Q+ Ka2 65. Qa8+ Kb3 66. Qb7+ Kc2 67. Qc6+ Kd1 68. Qd5+ Kc2 69. Qc4+ Kd1 70. Qd3+ Kc1 71. Nf3 b1N 72. Kg3 1-0

[Event "CZE-ch U14"]
[Site "Sec u Chrudimi"]
[Date "2007.10.23"]
[Round "5"]
[White "Jezek, Adam"]
[Black "Pospisil, Martin"]
[Result "0-1"]
[WhiteElo "1544"]
[BlackElo "1643"]
[PlyCount "82"]
[EventDate "2007.10.20"]
[EventType "swiss"]
[EventRounds "9"]
[EventCountry "CZE"]
[SourceTitle "EXT 2022"]
[Source "ChessBase"]
[SourceDate "2021.10.06"]
[SourceVersion "1"]
[SourceVersionDate "2021.10.06"]
[SourceQuality "1"]

1. b3 d5 2. Bb2 Bf5 3. e3 e6 4. a3 Nf6 5. d4 Bd6 6. c4 c6 7. Bd3 Bg6 8. Bxg6 hxg6 9. h3 Nbd7 10. Nf3 Ne4 11. Nbd2 Ndf6 12. 0-0 g5 13. cxd5 exd5 14. Nxe4 Nxe4 15. Nh2 f5 16. f3 Bxh2+ 17. Kxh2 Qd6+ 18. f4 g4 19. Qe2 Qh6 20. Kg1 Ng3 21. Qf2 Nxf1 22. Rxf1 gxh3 23. gxh3 Qxh3 24. Qg2 Qxg2+ 25. Kxg2 Kf7 26. Rh1 Rh6 27. Bc3 Rah8 28. Rxh6 gxh6 29. Be1 Rg8+ 30. Kh2 Rg4 31. Bf2 b6 32. b4 a5 33. bxa5 bxa5 34. a4 Rg8 35. Be1 Ke6 36. Kh3 Rg1 37. Bxa5 Ra1 38. Bd2 Rxa4 39. Kh4 Ra2 40. Bc1 Kf6 41. Kg3 Rc2 0-1

[Event "CZE-ch U14"]
[Site "Sec u Chrudimi"]
[Date "2007.10.21"]
[Round "2"]
[White "Balacek, Tadeas"]
[Black "Jezek, Adam"]
[Result "1-0"]
[WhiteElo "1942"]
[BlackElo "1544"]
[PlyCount "69"]
[EventDate "2007.10.20"]
[EventType "swiss"]
[EventRounds "9"]
[EventCountry "CZE"]
[SourceTitle "EXT 2022"]
[Source "ChessBase"]
[SourceDate "2021.10.06"]
[SourceVersion "1"]
[SourceVersionDate "2021.10.06"]
[SourceQuality "1"]

1. d4 d5 2. c4 c6 3. Nc3 Nf6 4. Nf3 e6 5. e3 Nbd7 6. Qc2 Be7 7. b3 0-0 8. Bb2 h6 9. Bd3 Re8 10. 0-0 b6 11. e4 dxe4 12. Nxe4 Bb7 13. Rad1 Nxe4 14. Bxe4 Nf6 15. Ne5 Nxe4 16. Qxe4 Qc7 17. Qg4 Bf6 18. Rfe1 Rad8 19. Bc1 Kh7 20. Qh5 Bxe5 21. Rxe5 Rd7 22. Re4 Rh8 23. Rh4 Kg8 24. Rg4 Kf8 25. Bf4 Qd8 26. Qe5 Rg8 27. Rd3 g5 28. Bd2 c5 29. h4 Rxd4 30. Rdxd4 cxd4 31. Rxd4 Qe7 32. Bb4 Qxb4 33. Rd8+ Ke7 34. Rxg8 Qd6 35. Re8+ 1-0